Grundriss der Römischen Geschichte Nebst Quellenkunde (Record no. 112527)

MARC details
000 -LEADER
campo de control de longitud fija 00779nam a2200205 4500
001 - NÚMERO DE CONTROL
campo de control 112527
003 - IDENTIFICADOR DE NÚMERO DE CONTROL
campo de control ES-MaACL
005 - FECHA Y HORA DE LA ÚLTIMA TRANSACCIÓN
campo de control 20230906185542.0
007 - CAMPO FIJO DE DESCRIPCIÓN FÍSICA--INFORMACIÓN GENERAL
campo de control de longitud fija t|
008 - DATOS DE LONGITUD FIJA--INFORMACIÓN GENERAL
campo de control de longitud fija 061121s1910 gw r ||||1| ger d
100 1# - ENTRADA PRINCIPAL--NOMBRE DE PERSONA
Nombre de persona Niese, Benedictus.
9 (RLIN) 85646
245 10 - MENCIÓN DEL TÍTULO
Título Grundriss der Römischen Geschichte Nebst Quellenkunde
Resto del título : vierte /
Mención de responsabilidad, etc. von Dr. Benedictus Niese.
250 ## - MENCION DE EDICION
Mención de edición 4. verb. und verm. Aufl.
260 ## - PUBLICACIÓN, DISTRIBUCIÓN, ETC.
Lugar de publicación, distribución, etc. München :
Nombre del editor, distribuidor, etc. C. H. Beck'sche Verlagsbuchhanlung,
Fecha de publicación, distribución, etc. 1910.
300 ## - DESCRIPCIÓN FÍSICA
Extensión VII, 454 p. ;
Dimensiones 25 cm.
490 1# - MENCIÓN DE SERIE
Mención de serie Hanbuch der klassischen Alterturms-Wissenschaft in systematischer Darstellung ;
Designación de volumen o secuencia 3, 5
830 0# - PUNTO DE ACCESO ADICIONAL DE SERIE-TÍTULO UNIFORME
Título uniforme Hanbuch der klassischen Alterturms-Wissenschaft in systematischer Darstellung ;
Designación de volumen o secuencia 3, 5
9 (RLIN) 233134
852 ## - LOCALIZACIÓN
Ubicación ES-MaACL
Número de control de estantería F-15192
Holdings
Estatus retirado Estado de pérdida Estado de daño No para préstamo Biblioteca de origen Biblioteca actual Ubicación en estantería Fecha de adquisición Fuente de adquisición Total de préstamos Signatura topográfica completa Código de barras Visto por última vez Precio de reemplazo Tipo de ítem Koha
        Biblioteca del Ateneo de Madrid Biblioteca del Ateneo de Madrid Sala Pecera Planta 2 17/01/2008     F-15192 1117379 23/02/2023 23/02/2023 Libro impreso